Welcome to CU Library Online Public Access Catalogue (OPAC)

The freelance journalist : (Record no. 9643)

MARC details
000 -LEADER
fixed length control field 00898pam a2200253 a 4500
001 - CONTROL NUMBER
control field 1086333
005 - DATE AND TIME OF LATEST TRANSACTION
control field 20260424145524.0
008 - FIXED-LENGTH DATA ELEMENTS--GENERAL INFORMATION
fixed length control field 920204s1992 enka 001 0 eng
020 ## - INTERNATIONAL STANDARD BOOK NUMBER
International Standard Book Number 0750600055 :
Terms of availability £14.95
020 ## - INTERNATIONAL STANDARD BOOK NUMBER
International Standard Book Number 9780750600057
050 00 - LIBRARY OF CONGRESS CALL NUMBER
Classification number PN4784.F76
Item number D63 1992
082 00 - DEWEY DECIMAL CLASSIFICATION NUMBER
Classification number 070.4/023/73
Edition information 20
100 1# - MAIN ENTRY--PERSONAL NAME
Personal name Dobson, Christopher,
Dates associated with a name 1927-
245 14 - TITLE STATEMENT
Title The freelance journalist :
Remainder of title how to survive and succeed /
Statement of responsibility, etc. Christopher Dobson ; cartoons by John Jensen.
260 ## - PUBLICATION, DISTRIBUTION, ETC.
Place of publication, distribution, etc. Oxford ;
-- Boston :
Name of publisher, distributor, etc. Butterworth-Heinemann,
Date of publication, distribution, etc. 1992.
300 ## - PHYSICAL DESCRIPTION
Extent vii, 159 p. :
Other physical details ill. ;
Dimensions 22 cm.
440 #0 - SERIES STATEMENT/ADDED ENTRY--TITLE
Title Butterworth-Heinemann media series
500 ## - GENERAL NOTE
General note Includes index.
650 #0 - SUBJECT ADDED ENTRY--TOPICAL TERM
Topical term or geographic name entry element Freelance journalism.
650 #0 - SUBJECT ADDED ENTRY--TOPICAL TERM
Topical term or geographic name entry element Journalism, Commercial.
650 #0 - SUBJECT ADDED ENTRY--TOPICAL TERM
Topical term or geographic name entry element Journalism
General subdivision Management.
856 42 - ELECTRONIC LOCATION AND ACCESS
Materials specified Publisher description
Uniform Resource Identifier <a href="http://www.loc.gov/catdir/enhancements/fy1117/92005055-d.html">http://www.loc.gov/catdir/enhancements/fy1117/92005055-d.html</a>
942 ## - ADDED ENTRY ELEMENTS (KOHA)
Source of classification or shelving scheme Library of Congress Classification
Koha item type Books
Suppress in OPAC No
999 ## -
-- 9643
-- 9643
Holdings
Withdrawn status Lost status Source of classification or shelving scheme Damaged status Not for loan Collection Home library Current library Shelving location Date acquired Total checkouts Full call number Barcode Date last seen Copy number Price effective from Koha item type
    Library of Congress Classification     Non-fiction Business Library (Miotso) Business Library (Miotso) General stacks 04/24/2026   PN4784.F76 D63 1992 BSSM00003883 04/24/2026 1 04/24/2026 Books
    Library of Congress Classification     Non-fiction Business Library (Miotso) Business Library (Miotso) General stacks 04/24/2026   PN4784.F76 D63 1992 BSSM00003884 04/24/2026 2 04/24/2026 Books
© 2023-2024 Copyright: Central University Libraries. All Rights Reserved | Created by: Mahone Tech Office